| 000 | 01204cam a22003734a 4500 | ||
|---|---|---|---|
| 001 | 8558 | ||
| 003 | FISKH | ||
| 005 | 20250930082222.0 | ||
| 008 | 071121s2008 nyua j b 001 0 eng | ||
| 010 | _a 2007047764 | ||
| 020 | _a9780753462294 | ||
| 020 | _a9781607102472 | ||
| 035 | _a15089562 | ||
| 035 | _a(OCoLC)182573541 | ||
| 040 |
_aDLC _cDLC _dIG# _dBTCTA _dBAKER _dVP@ _dORX _dNGU _dNBO _dDLC |
||
| 050 | 0 | 0 |
_aQM27 _b.S65 2008 |
| 082 | 0 | 0 |
_a612 _222 |
| 100 | 1 | _aSmith, Miranda. | |
| 245 | 1 | 0 |
_aHuman body : _bThe animated 3-D guide / _cMiranda Smith. |
| 250 | _a1st American ed. | ||
| 260 |
_aNew York : _bSilver Diphin Books, _c2011. |
||
| 300 |
_a22 pages : _bcolor illustrations ; _c31 cm |
||
| 490 | 0 | _aNavigators | |
| 504 | _aIncludes bibliographical references and index. | ||
| 520 | _aLearn how the human body functions. | ||
| 650 | 0 |
_aHuman anatomy _vJuvenile literature. |
|
| 650 | 0 |
_aHuman physiology _vJuvenile literature. |
|
| 650 | 1 | _aHuman anatomy. | |
| 650 | 1 | _aHuman physiology. | |
| 655 | 7 |
_aLiterature. _2lcgft _0https://id.loc.gov/authorities/genreForms/gf2014026415 |
|
| 906 |
_a7 _bcbc _corignew _d1 _eecip _f20 _gy-gencatlg |
||
| 942 |
_2ddc _cBK _n0 |
||
| 999 |
_c8558 _d8558 |
||